| 000 -ლიდერი |
| ფიქსირებული სიგრძის საკონტროლო ველი |
01218nam a2200253Ia 4500 |
| 001 - საკონტროლო ნომერი |
| საკონტროლო ველი |
4692 |
| 003 - საკონტროლო ნომრის იდენტიფიკატორი |
| საკონტროლო ველი |
GE_BSU |
| 005 - ბოლო ოპერაციის თარიღი და დრო |
| საკონტროლო ველი |
20190715172551.0 |
| 008 - ფიქსირებული სიგრძის მონაცემთა ელემენტები - ზოგადი ინფორმაცია |
| ფიქსირებული სიგრძის საკონტროლო ველი |
181216s2003||||ge |||||||||||||| ||geo|| |
| 020 ## - წიგნის საერთაშორისო სტანდარტული ნომერი |
| International Standard Book Number |
9992828781 |
| 040 ## - კატალოგიზაციის წყარო |
| Transcribing agency |
GE_BSU |
| 041 ## - ენის კოდი |
| Language code of text/sound track or separate title |
geo |
| 080 ## - უნივერსალური ათობითი კლასიფიკაციის ინდექსი |
| Universal Decimal Classification number |
616.07(075.8) ტ-37 |
| 100 ## - მთავარი ჩანაწერი - პიროვნების სახელი |
| Personal name |
ტატიშვილი, ნუგზარ |
| 9 (RLIN) |
3227 |
| 245 ## - ცნობა სათაურის შესახებ |
| Title |
შინაგან სნეულებათა დიაგნოსტიკა = Principies of clinicai Diagnosis in internal Medicina : |
| Remainder of title |
სახელმძღვ. / |
| Statement of responsibility, etc |
ნუგზარ ტატიშვილი, ირაკლი ტატიშვილი ; რედ. გ. სიმონია |
| 264 ## - წარმოების, გამოცემის, დისტრიბუციის და სხვა ცნობები |
| გამოცემის, წარმოების, დისტრიბუციის... ადგილი |
თბილისი ; |
| გამოცემის, წარმოების, დისტრიბუციის... სახელწოდება |
საქართველოს მაცნე ; |
| გამოცემის, წარმოების, დისტრიბუციის... თარიღი |
2003. |
| 300 ## - ფიზიკური აღწერა |
| Extent |
349 გვ. : |
| Other physical details |
ილ. ; |
| Dimensions |
29 სმ. |
| 504 ## - BIBLIOGRAPHY, ETC. NOTE |
| Bibliography, etc |
ბიბლიოგრ. : გვ. 339 |
| 653 ## - INDEX TERM--UNCONTROLLED |
| Uncontrolled term |
შინაგან სნეულებათა დიაგნოსტიკა |
| 700 ## - ADDED ENTRY--PERSONAL NAME |
| Personal name |
ტატიშვილი, ირაკლი |
| Relator term |
ავტორი |
| 9 (RLIN) |
3228 |
| 700 ## - ADDED ENTRY--PERSONAL NAME |
| Personal name |
სიმონია, გ. |
| Relator term |
რედაქტორი |
| 9 (RLIN) |
3229 |
| 942 ## - ADDED ENTRY ELEMENTS (KOHA) |
| Koha item type |
წიგნი |
| Source of classification or shelving scheme |
|